000 01160nam2a2200241 4500
001 rc\2973174
005 20260315061737.0
035 _a(NLR Aleph) 007119115
090 _a13608035
_c13608035
100 _a20110908d1934 u y0rusy50 ca
101 0 _arus
102 _aRU
105 _ay z |||||
200 1 _aСынтульское месторождение железных руд и фосфатов
210 _d1934
461 0 _1001rc\2973173
_12001#$aТруды Московского геолого-гидро-геодезического треста$eВып. 5-$vВып. 5
_96844802
_aМосковский геодезический институт
_cМосква
_d1934
_nГос. науч. техн. горно-геол.-нефт. изд-во
_oВып. 5-
_tТруды Московского геолого-гидро-геодезического треста
_vВып. 5
700 1 _4070
_7ca
_8rus
_aПустовалов
_bЛ. В.
_f1902-1970
_gЛеонид Васильевич
_9271677
_3RU\NLR\AUTH\770271733
801 0 _aRU
_bNLR
_gpsbo
801 1 _aRU
_bELAR
_2rusmarc
852 _aNLR
_j32-18/370
942 _cUNSPEC
980 _aNB